| 000 | 00403pab a2200157 454500 | ||
|---|---|---|---|
| 008 | 180718b2013 xxu||||| |||| 00| 0 eng d | ||
| 100 | _aMohanty, Seemita | ||
| 245 | _aTribal oral traditions of Western Odisha: Need for documentation and preservation | ||
| 260 | _c2013 | ||
| 300 | _ap.146-150. | ||
| 362 | _a4 Feb | ||
| 650 | _aTribes | ||
| 773 | _aUniversity News | ||
| 908 | _aN | ||
| 909 | _a98196 | ||
| 999 |
_c98195 _d98195 |
||